00988nam a2200277 u 450000100100000000500170001000800410002702000190006804100080008704300130009509000130010810000230012124500760014425000120022026000300023230000250026249000480028765000370033565000360037265000300040865000330043865000350047170000450050699900150055195201440056600005678520200120223324.0130621s2005 sp a br 000 0 spa d a9788496514461.0 aspa ae-sp---- aAbSOLTd1 aSoler Cobo, Teresa10aDe vacaciones /cTeresa Soler Cobo ; dibujos Armand González Cardona. a1a. ed. a[Madrid] :bAlgar,c2005. a[12] P. :bil., col. aMis primeros calcetinesaLeemos: CE, CIv1614aÁlbumes infantiles españoles24aLiteratura infantil española.24aNiñas en la literatura.24aVacaciones en la literatura.24aLibros y lectura para niños.1 aGonzález Cardona, Armand,eilustrador. c6082d6082 00102ddc40708LIaBPMOSbBPMOSd2020-01-20iNTl3m5oA SOLTdpMOS007429r2022-10-12s2022-07-29tej.1w2020-01-20yBKLITzQuince días